[Event "2024 British Rapidplay Championship"]
[Site "Holiday Inn Peterborough - West"]
[Date "2024.03.03"]
[Round "10.66"]
[White "Mylovanov, Volodymyr"]
[Black "Letton, Rob"]
[Result "1-0"]
[WhiteFideId "34184732"]
[BlackFideId "464384"]
[WhiteElo "1877"]
[BlackElo "1722"]
[EventDate "2024.03.02"]

1. d4 c6 2. g3 d5 3. Bg2 Nf6 4. Nf3 Bf5 5. Nbd2 h6 6. O-O e6 7. c4 dxc4 8. Nxc4 Nbd7
9. Qb3 Nb6 10. Na5 Qc8 11. Ne5 Bd6 12. Bf4 Nfd5 13. Bd2 Bxe5 14. dxe5 Bg6 15. e4
Ne7 16. Bb4 c5 17. Rac1 Nd7 1-0

[Event "2024 British Rapidplay Championship"]
[Site "Holiday Inn Peterborough - West"]
[Date "2024.03.03"]
[Round "10.67"]
[White "Patel, Diah"]
[Black "Ganti, Shriaansh"]
[Result "0-1"]
[WhiteFideId "496677"]
[BlackFideId "343104781"]
[WhiteElo "1545"]
[BlackElo "1886"]
[EventDate "2024.03.02"]

1. e4 Nf6 2. Nc3 d5 3. e5 Ne4 4. d4 Nxc3 5. bxc3 c6 6. Nf3 Bf5 7. h3 e6 8. g3 Nd7
9. Bg2 Be7 10. O-O O-O 11. Bf4 b5 12. Qe2 Nb6 13. Nd2 Bxc2 14. g4 Bg6 15. Nf3 Nc4
16. Nd2 Rb8 17. Nxc4 bxc4 18. Bd2 Bd3 19. Qf3 Bxf1 20. Rxf1 Qa5 21. Ra1 Rb2 22. Bf4
Rxa2 23. Rf1 Ra1 24. g5 Rxf1+ 25. Bxf1 Rb8 26. g6 hxg6 27. Kh2 Rb3 28. Bd2 Qa2 29.
Bf4 Rb2 30. Bg3 Qb3 31. Bf4 Bh4 32. Be3 Qa2 33. Kg2 a5 34. Qf4 g5 35. Qf3 a4 36.
Kh1 a3 37. Qg4 Rxf2 38. Bxf2 Qxf2 39. Bg2 a2 40. Qd1 Qe1+ 41. Qxe1 Bxe1 42. Bxd5
cxd5 43. h4 a1=N 44. hxg5 Bxc3 45. g6 fxg6 46. Kg2 Bxd4 47. Kf3 Bxe5 48. Ke3 Kf7
49. Kd2 Nb3+ 50. Kc2 g5 51. Kd1 g4 52. Ke1 g3 53. Kf1 c3 54. Kg2 c2 55. Kf3 c1=N
56. Ke3 Kf6 57. Kf3 Kf5 58. Ke3 d4+ 59. Kf3 d3 60. Ke3 d2 61. Kf3 d1=B+ 62. Ke3 Bd4#
0-1

[Event "2024 British Rapidplay Championship"]
[Site "Holiday Inn Peterborough - West"]
[Date "2024.03.03"]
[Round "10.68"]
[White "Sudagar, Vidhyuth Kavin"]
[Black "Davies, Peter L"]
[Result "0-1"]
[WhiteFideId "343430244"]
[BlackFideId "1801171"]
[WhiteElo "1542"]
[BlackElo "1876"]
[EventDate "2024.03.02"]

1. c4 e5 2. Nc3 d6 3. g3 f5 4. Bg2 Nf6 5. Nf3 Be7 6. O-O O-O 7. Qb3 Kh8 8. d3 c6
9. Bg5 h6 10. Bd2 Nbd7 11. Rac1 Nc5 12. Qc2 a5 13. a3 a4 14. Be3 Nb3 15. Rb1 Qa5
16. Nd2 Nd4 17. Bxd4 exd4 18. Na2 Be6 19. Nf3 Qa7 20. Qd2 Rac8 21. Rfe1 b5 22. Qc2
bxc4 23. dxc4 Ne4 24. e3 c5 25. Bf1 Bf6 26. Bd3 d5 27. Rbc1 dxc4 28. Bxe4 fxe4 29.
Qxe4 Qd7 30. Red1 Bd5 31. Ne5 Bxe5 32. Qxe5 Rce8 33. Qh5 Bf3 34. Qxc5 Qh3 35. Qxf8+
Rxf8 36. exd4 Qg2# 0-1

[Event "2024 British Rapidplay Championship"]
[Site "Holiday Inn Peterborough - West"]
[Date "2024.03.03"]
[Round "10.69"]
[White "Kumar, Sanjit S"]
[Black "Keshari, Krish"]
[Result "1-0"]
[WhiteFideId "468142"]
[BlackFideId "496197"]
[WhiteElo "1799"]
[BlackElo "1666"]
[EventDate "2024.03.02"]

1. d4 d5 2. c4 e6 3. Nc3 Nf6 4. Bg5 Be7 5. cxd5 exd5 6. e3 c6 7. Bd3 O-O 8. Qc2 Nbd7
9. Nge2 Re8 10. O-O h6 11. Bh4 Ne4 12. Bxe7 Qxe7 13. Rae1 Ndf6 14. f3 Nd6 15. Ng3
b5 16. a3 Bd7 17. e4 dxe4 18. fxe4 Nb7 19. e5 Nd5 20. Nxd5 cxd5 21. Qb3 Bc6 22. Bxb5
Bxb5 23. Qxb5 Rad8 24. Nf5 Qd7 25. Qd3 Na5 26. Qg3 g6 27. Nxh6+ Kh7 28. Rxf7+ Kxh6
29. Rxd7 Rxd7 30. Qh3+ 1-0

[Event "2024 British Rapidplay Championship"]
[Site "Holiday Inn Peterborough - West"]
[Date "2024.03.03"]
[Round "10.70"]
[White "Sisupalan, Beni"]
[Black "Mehta, Sophie"]
[Result "1-0"]
[WhiteFideId "494585"]
[BlackFideId "487996"]
[WhiteElo "1756"]
[BlackElo "1635"]
[EventDate "2024.03.02"]

1. e4 c5 2. Nf3 d6 3. d4 cxd4 4. Nxd4 g6 5. Nc3 Bg7 6. Be3 Nf6 7. f3 O-O 8. Bc4 Nc6
9. h4 Bd7 10. Qd2 Re8 11. O-O-O a6 12. g4 b5 13. Bd5 Nxd5 14. exd5 Ne5 15. h5 Nc4
16. Qe2 Nxe3 17. Qxe3 e5 18. Nde2 Bf6 19. Ne4 Rc8 20. hxg6 Qc7 21. gxf7+ Kxf7 22.
Rxh7+ Bg7 23. Rxg7+ Kxg7 24. Qg5+ Kf8 25. Qf6+ Kg8 26. c3 Qb6 27. Qg5+ Kf7 28. Rh1
Rh8 29. Qf6+ Ke8 30. Rxh8# 1-0

[Event "2024 British Rapidplay Championship"]
[Site "Holiday Inn Peterborough - West"]
[Date "2024.03.03"]
[Round "10.71"]
[White "Caraway, Samuel"]
[Black "Liu, Jacob"]
[Result "1-0"]
[WhiteFideId "444766"]
[BlackFideId "496960"]
[WhiteElo "1834"]
[BlackElo "1573"]
[EventDate "2024.03.02"]

1. g4 d5 2. Bg2 Bxg4 3. c4 c6 4. cxd5 cxd5 5. Qb3 Nc6 6. Bxd5 e6 7. Bxc6+ bxc6 8.
Qa4 Bf5 9. Qxc6+ Ke7 10. Qb7+ Kf6 11. Nc3 Bc5 12. Nf3 Nh6 13. d4 Rb8 14. Bg5+ Kg6
15. Bxd8 Rxb7 16. Rg1+ Ng4 17. dxc5 Rxd8 18. h3 Rxb2 19. hxg4 Be4 20. Nxe4 Rdb8 21.
Ne5+ Kh6 22. Rh1# 1-0

[Event "2024 British Rapidplay Championship"]
[Site "Holiday Inn Peterborough - West"]
[Date "2024.03.03"]
[Round "10.72"]
[White "Casti, Cristina"]
[Black "Cheng, Wing"]
[Result "1-0"]
[WhiteFideId "2819045"]
[BlackFideId "343443621"]
[WhiteElo "1495"]
[BlackElo "1829"]
[EventDate "2024.03.02"]

1. f4 d5 2. Nf3 Nf6 3. b3 e6 4. Bb2 c5 5. e3 Nc6 6. Be2 d4 7. O-O Be7 8. exd4 cxd4
9. d3 O-O 10. Nbd2 Bc5 11. Kh1 Nd5 12. Ng5 Ne3 13. Qc1 Nxf1 14. Qxf1 b6 15. a3 e5
16. Qf3 Bb7 17. Qh5 h6 18. Nde4 exf4 19. Rf1 Ne5 20. Rxf4 Ng6 21. Rg4 Bxe4 22. Nxe4
Kh7 23. b4 Be7 24. Bf3 Rc8 25. Bd1 Bf6 26. Ng3 Re8 27. Ne4 Qe7 28. h3 a5 29. bxa5
bxa5 30. Qxa5 Qe5 31. Qd2 Qb5 32. Nxf6+ gxf6 33. Bxd4 Qf5 34. Bf3 h5 35. Rg3 Rcd8
36. c3 Re6 37. Be4 Qf1+ 38. Kh2 Rde8 39. Rf3 Qa1 40. Bc5 Kg8 41. Bb4 Re5 42. Rg3
Kg7 43. Qf2 Rxe4 44. dxe4 Rxe4 45. Qf3 Qe1 46. Qxh5 Re5 47. c4 Rxh5 48. Bxe1 Rc5
49. h4 Kh7 50. Kg1 1-0

[Event "2024 British Rapidplay Championship"]
[Site "Holiday Inn Peterborough - West"]
[Date "2024.03.03"]
[Round "10.74"]
[White "Shankar, Yashwardhan"]
[Black "Zhang, Junyi"]
[Result "0-1"]
[WhiteFideId "2411067"]
[BlackFideId "494437"]
[WhiteElo "1254"]
[BlackElo "1701"]
[EventDate "2024.03.02"]

1. d4 Nf6 2. Bf4 e6 3. e3 b6 4. Nf3 Bb7 5. Nbd2 Be7 6. Be2 O-O 7. O-O Nh5 8. Bg3
Nxg3 9. hxg3 d6 10. c3 Nd7 11. Bd3 e5 12. e4 exd4 13. cxd4 c5 14. d5 Bf6 15. Nc4
Qc7 16. Qe2 b5 17. Ne3 c4 18. Rac1 cxd3 19. Qxd3 Qb6 20. Ng4 Bxb2 21. Rb1 Be5 22.
Rxb5 Ba6 23. Rfb1 Bxb5 24. Rxb5 Qa6 25. a4 Qxa4 26. Rb1 Nc5 27. Qf1 Qxe4 28. Ngxe5
dxe5 29. Re1 Qxd5 30. Rxe5 Qd6 31. Rh5 Ne4 32. Qb1 Qg6 33. Rh3 Rfd8 34. Ne5 Qf5 35.
f4 Nxg3 36. Qb4 Qxf4 37. Qe1 Re8 38. Rxg3 Qxe5 0-1

[Event "2024 British Rapidplay Championship"]
[Site "Holiday Inn Peterborough - West"]
[Date "2024.03.03"]
[Round "10.75"]
[White "Siu, Kam Wa"]
[Black "Hill, Callum"]
[Result "1/2-1/2"]
[WhiteFideId "6008860"]
[BlackFideId "343403913"]
[WhiteElo "1456"]
[BlackElo "1635"]
[EventDate "2024.03.02"]

1. e4 g6 2. d4 Bg7 3. c4 c5 4. Nf3 cxd4 5. Nxd4 Nc6 6. Be3 e6 7. Nc3 Nge7 8. Ndb5
O-O 9. Nd6 Qa5 10. Qd2 Nb4 11. a3 Nbc6 12. Be2 Be5 13. O-O Bxd6 14. Qxd6 Qe5 15.
Rad1 f5 16. Bh6 Rf7 17. f3 Qf6 18. f4 fxe4 19. Nxe4 Qxb2 20. Rd2 Qb6+ 21. c5 Qa5
22. Ng5 Nf5 23. Qd3 Re7 24. Qc2 Nxh6 25. Ne4 Qxa3 26. Rd3 Nb4 27. Rxa3 Nxc2 28. Rh3
Nf5 29. Nf6+ Kh8 30. Bd3 Nce3 31. Re1 b6 32. Be4 Rb8 33. g4 Nc4 34. gxf5 exf5 35.
Kf2 fxe4 36. Rxe4 Rf7 37. Nxh7 d5 38. Re8+ Kg7 39. Rh4 bxc5 40. Ng5 Rb2+ 41. Kg3
Rb3+ 42. Kf2 Rb2+ 43. Kg3 Rb3+ 44. Kf2 Rb2+ 45. Kg3 Rb3+ 1/2-1/2

[Event "2024 British Rapidplay Championship"]
[Site "Holiday Inn Peterborough - West"]
[Date "2024.03.03"]
[Round "10.76"]
[White "Middleton, Tom"]
[Black "Gunarathne, Senith"]
[Result "1-0"]
[WhiteFideId "402834"]
[BlackFideId "343104324"]
[WhiteElo "1947"]
[BlackElo "1591"]
[EventDate "2024.03.02"]

1. e4 c5 2. Nf3 d6 3. c3 Nf6 4. Bd3 Nc6 5. Bc2 Bg4 6. h3 Bh5 7. d3 e6 8. O-O Be7
9. Re1 O-O 10. Nbd2 a6 11. Nf1 Ne5 12. N1h2 b5 13. g4 Nxf3+ 14. Qxf3 Bg6 15. Qe2
Nd7 16. f4 f5 17. exf5 Bh4 18. fxg6 Bxe1 19. Qxe1 e5 20. d4 exf4 21. gxh7+ Kh8 22.
Nf3 Qf6 23. g5 Qf7 24. Nh4 Rae8 25. Qf2 Re6 26. d5 Re2 27. Qxe2 Re8 28. Qf2 Ne5 29.
Bxf4 Rf8 30. Rf1 Qh5 31. Qg3 Qe2 32. Rf2 Qe1+ 33. Kg2 Re8 34. Bxe5 dxe5 35. Qf3 e4
36. Qe2 Qc1 37. Qh5 Rd8 38. Ng6# 1-0

[Event "2024 British Rapidplay Championship"]
[Site "Holiday Inn Peterborough - West"]
[Date "2024.03.03"]
[Round "10.78"]
[White "Pelling, Kyle"]
[Black "Barton, Ben"]
[Result "1-0"]
[WhiteFideId "462942"]
[BlackFideId "343416993"]
[WhiteElo "1818"]
[BlackElo "1671"]
[EventDate "2024.03.02"]

1. e4 c5 2. Nf3 Nc6 3. d4 cxd4 4. Nxd4 e5 5. Nb5 Nf6 6. N1c3 d6 7. Bg5 a6 8. Na3
b5 9. Nd5 Be7 10. Bxf6 Bxf6 11. c3 O-O 12. Be2 Be6 13. Nc2 Bxd5 14. exd5 Ne7 15.
O-O Qb6 16. Ne3 Bg5 17. Qd3 f5 18. a4 f4 19. Nc2 bxa4 20. Rxa4 Qb3 21. Rb4 Qxd5 22.
Qxd5+ Nxd5 23. Bc4 Kh8 24. Bxd5 Ra7 25. Ra1 a5 26. Rb6 Be7 27. Rb5 Bd8 28. Na3 Bc7
29. Nc4 a4 30. Rb7 Rxb7 31. Bxb7 Rb8 32. Bc6 g5 33. Rxa4 d5 34. Bxd5 Rd8 35. Ra8
Bb8 36. h3 Rxd5 37. Rxb8+ Kg7 38. b4 h5 39. b5 g4 40. b6 Rc5 41. b7 Rxc4 42. Rc8
Re4 43. b8=Q Re1+ 44. Kh2 g3+ 45. fxg3 fxg3+ 46. Kxg3 Re3+ 47. Kf2 Re4 48. Rg8+ Kf6
49. Qd6+ Kf5 50. Qg6+ Kf4 51. g3# 1-0

[Event "2024 British Rapidplay Championship"]
[Site "Holiday Inn Peterborough - West"]
[Date "2024.03.03"]
[Round "10.79"]
[White "Mohamed Nasrudeen Meeran, Muiz Ul Meeran"]
[Black "Cheng, Louis"]
[Result "0-1"]
[WhiteFideId "343423744"]
[BlackFideId "2410389"]
[WhiteElo "1642"]
[BlackElo "1840"]
[EventDate "2024.03.02"]

1. e4 c5 2. Nf3 g6 3. d4 cxd4 4. Nxd4 Nc6 5. Nxc6 bxc6 6. Nc3 Bg7 7. Bd2 d6 8. Bd3
Nf6 9. O-O O-O 10. Qe2 Rb8 11. Rab1 d5 12. exd5 cxd5 13. a3 Qc7 14. Rfe1 Re8 15.
h3 e5 16. Qd1 e4 17. Bf1 d4 18. Ne2 Nd5 19. Bc1 Qc5 20. Nf4 Bf5 21. Nxd5 Qxd5 22.
Qd2 Qa2 23. Qe2 Qxb1 24. Bf4 Qxb2 25. Bxb8 Rxb8 26. a4 d3 27. cxd3 Qxe2 28. Bxe2
exd3 29. Bd1 Bc3 30. Rf1 d2 31. Be2 Re8 32. Bf3 Re1 33. g3 Bxh3 34. Rxe1 dxe1=Q+
35. Kh2 Qxf2+ 36. Kxh3 Qxf3 37. a5 Be5 38. Kh2 Qxg3+ 39. Kh1 Qh2# 0-1

[Event "2024 British Rapidplay Championship"]
[Site "Holiday Inn Peterborough - West"]
[Date "2024.03.03"]
[Round "10.80"]
[White "Graham, Neil"]
[Black "Hu, Junyan"]
[Result "0-1"]
[WhiteFideId "408999"]
[BlackFideId "343401260"]
[WhiteElo "1824"]
[BlackElo "1611"]
[EventDate "2024.03.02"]

1. d4 Nf6 2. f3 d5 3. e4 dxe4 4. Nc3 exf3 5. Nxf3 Bg4 6. h3 Bh5 7. g4 Bg6 8. Ne5
Nbd7 9. Qf3 c6 10. Nxg6 hxg6 11. g5 Nh5 12. Bc4 e6 13. Rf1 Qe7 14. h4 Nb6 15. Bd3
Qd7 16. Be3 Bb4 17. O-O-O Rf8 18. Ne4 O-O-O 19. c3 Be7 20. Be2 Nd5 21. Bd2 a5 22.
Ng3 Nxg3 23. Qxg3 Bd6 24. Qg4 a4 25. c4 Ne7 26. Ba5 Bc7 27. Bxc7 Qxc7 28. Rf3 Nf5
29. Rfd3 Rh8 30. Rh3 Kb8 31. Kb1 Rh7 32. Bf3 Rdh8 33. Rdh1 Rd8 34. Bg2 Rxd4 35. Qe2
Rd8 36. Be4 Ng3 37. Rxg3 Qxg3 38. Bc2 Qc7 39. Rh3 Qb6 40. Rh1 Qa5 41. h5 Qxg5 42.
Bxa4 Rd2 43. Qf3 Qf6 44. Qg3+ Kc8 45. Qb3 Qf5+ 46. Ka1 Rxh5 47. Qb4 Rxh1+ 0-1

[Event "2024 British Rapidplay Championship"]
[Site "Holiday Inn Peterborough - West"]
[Date "2024.03.03"]
[Round "10.81"]
[White "Smith, Gary P"]
[Black "Wainwright, Charlie"]
[Result "1/2-1/2"]
[WhiteFideId "424625"]
[BlackFideId "343426310"]
[WhiteElo "1815"]
[BlackElo "1632"]
[EventDate "2024.03.02"]

1. e4 e6 2. d4 d5 3. Nd2 Nf6 4. e5 Nfd7 5. Bd3 c5 6. c3 Nc6 7. Ne2 Qb6 8. Nf3 Be7
9. O-O h6 10. a3 a5 11. Rb1 O-O 12. h4 cxd4 13. cxd4 Qd8 14. h5 b6 15. Be3 Ba6 16.
g4 f6 17. exf6 Nxf6 18. Nf4 Bc8 19. Ng6 Rf7 20. Rc1 Na7 21. Nfe5 Bd6 22. Nxf7 Kxf7
23. Qf3 Bb7 24. g5 hxg5 25. Bxg5 Be7 26. Ne5+ Kg8 27. Bg6 Rc8 28. Bf7+ Kf8 29. Bxe6
Rxc1 30. Rxc1 Ke8 31. Bf7+ Kf8 32. h6 Bd6 33. hxg7+ Kxg7 34. Qh3 Bxe5 35. dxe5 Kxf7
36. Bxf6 Qg8+ 37. Kf1 Ba6+ 38. Ke1 Qg1+ 39. Kd2 Qxf2+ 40. Kc3 Qc5+ 41. Kd2 Qf2+ 42.
Kc3 Qc5+ 43. Kd2 Qf2+ 44. Kc3 Nb5+ 1/2-1/2

[Event "2024 British Rapidplay Championship"]
[Site "Holiday Inn Peterborough - West"]
[Date "2024.03.03"]
[Round "10.82"]
[White "Mouskos, Mia"]
[Black "Fairhurst, Frederick"]
[Result "1-0"]
[WhiteFideId "488380"]
[BlackFideId "343425682"]
[WhiteElo "1539"]
[BlackElo "1600"]
[EventDate "2024.03.02"]

1. e4 c6 2. Nf3 d5 3. Nc3 dxe4 4. Nxe4 Nd7 5. Bc4 e6 6. O-O Be7 7. d4 Ngf6 8. Nxf6+
Nxf6 9. c3 O-O 10. Bf4 Nd5 11. Be5 Bd7 12. Bd3 h6 13. Re1 c5 14. Rc1 Qb6 15. Qe2
Bc6 16. h3 Rfd8 17. Rcd1 cxd4 18. Nxd4 Bd6 19. Nxc6 Qxc6 20. Bd4 Nf4 21. Qg4 e5 22.
Be4 Qc8 23. Bf5 Qc7 24. Be3 Re8 25. g3 h5 26. Qf3 Nd5 27. Qxd5 g6 28. Bxg6 Re6 29.
Bf5 Rf6 30. Qd3 e4 31. Qxe4 Bxg3 32. fxg3 Qxg3+ 33. Qg2 Qxg2+ 34. Kxg2 Rxf5 35. Rf1
Rb5 36. Rd2 Re8 37. Bd4 Ra5 38. a3 Rd5 39. Rf3 Re6 40. Rg3+ Kf8 41. Bg7+ Ke7 42.
Rxd5 Re2+ 43. Kf3 Rxb2 44. Re5+ Kd6 45. Rxh5 Rb3 46. Rh6+ Ke7 47. a4 Ra3 48. Rg4
Ra1 49. Re4+ Kd7 50. Rh5 f6 51. Rd5+ Kc6 52. Rdd4 Rc1 53. Rc4+ Kd5 54. Red4+ Ke5
55. Rc5+ 1-0

[Event "2024 British Rapidplay Championship"]
[Site "Holiday Inn Peterborough - West"]
[Date "2024.03.03"]
[Round "10.83"]
[White "Manavalan, Keerthi Kumar"]
[Black "Stokes, Richard"]
[Result "1-0"]
[WhiteFideId "343412661"]
[BlackFideId "432628"]
[WhiteElo "1559"]
[BlackElo "1692"]
[EventDate "2024.03.02"]

1. e4 c5 2. Nf3 d6 3. d4 cxd4 4. Nxd4 Nf6 5. f3 a6 6. c4 e6 7. Be3 Be7 8. Nc3 O-O
9. Be2 Nc6 10. O-O Nxd4 11. Bxd4 e5 12. Be3 Be6 13. b3 Rc8 14. Rc1 Ne8 15. Qd2 f5
16. exf5 Bxf5 17. Rfd1 Rf6 18. Qd5+ Be6 19. Qxb7 Bd7 20. Bb6 Nc7 21. Nd5 Rg6 22.
Bxc7 Qf8 23. Nxe7+ Qxe7 24. Qd5+ Kh8 25. Bxd6 Qg5 26. Bf1 Bc6 27. Qxe5 Qxe5 28. Bxe5
Bxf3 29. Rd2 h6 30. Rf2 Be4 31. Rd1 Rg5 32. Bd6 Re8 1-0

[Event "2024 British Rapidplay Championship"]
[Site "Holiday Inn Peterborough - West"]
[Date "2024.03.03"]
[Round "10.84"]
[White "Borgars, Alan"]
[Black "Zajaczkowski, Marek"]
[Result "1-0"]
[WhiteFideId "343433880"]
[BlackFideId "343410685"]
[WhiteElo "1522"]
[BlackElo "1672"]
[EventDate "2024.03.02"]

1. e4 Nf6 2. e5 Nd5 3. Bc4 Nb6 4. Bb3 d6 5. Nf3 Nc6 6. exd6 exd6 7. Qe2+ Qe7 8. Nc3
Qxe2+ 9. Nxe2 Bg4 10. d4 Be7 11. Be3 O-O 12. O-O-O a5 13. c3 a4 14. Bc2 Nc4 15. Bf4
b5 16. h3 Bxf3 17. gxf3 b4 18. Be4 Ra6 19. Rhg1 Kh8 20. d5 N6e5 21. Nd4 a3 22. b3
Nb2 23. c4 Nxd1 24. Kxd1 Ng6 25. Be3 Ne5 26. f4 Nxc4 27. bxc4 Rb8 28. Nc6 b3 29.
Nxb8 bxa2 30. Bd4 Ra4 31. Bxg7+ Kg8 32. Ba1+ Kf8 33. Bxh7 f6 34. Nd7+ Ke8 35. Nxf6+
Bxf6 36. Bxf6 Rb4 37. Kc2 Rxc4+ 38. Kb3 Rxf4 39. Ba1 Rxf2 40. Kxa3 Rf3+ 41. Kxa2
Rxh3 42. Bg6+ Kf8 43. Bf5 Rf3 44. Be6 Rf2+ 45. Kb3 Rf4 46. Rg7 Rf3+ 47. Kc4 Rf1 48.
Bd4 Rc1+ 49. Kb3 Rd1 50. Rg8+ Ke7 51. Bg7 Rb1+ 52. Kc2 Rb6 53. Rc8 Rb7 54. Bh6 Ra7
55. Bg5# 1-0

[Event "2024 British Rapidplay Championship"]
[Site "Holiday Inn Peterborough - West"]
[Date "2024.03.03"]
[Round "10.85"]
[White "Mohammed Sharifdeen, Mohamed Nasrudeen Meeran"]
[Black "Fisher, Neal"]
[Result "0-1"]
[WhiteFideId "343423736"]
[BlackFideId "442100"]
[WhiteElo "1551"]
[BlackElo "1647"]
[EventDate "2024.03.02"]

1. e4 e5 2. Nf3 Nf6 3. Nc3 Bc5 4. Bc4 d6 5. h3 c6 6. d3 h6 7. O-O b5 8. Bb3 a5 9.
a4 b4 10. Ne2 O-O 11. c3 Ba6 12. cxb4 Bxb4 13. Bc4 Bxc4 14. dxc4 Nxe4 15. b3 Nd7
16. Qc2 Ndc5 17. Rd1 Qe7 18. Be3 Nf6 19. Bxc5 Bxc5 20. Nc3 Rfe8 21. Ne4 Bb4 22. Nxf6+
Qxf6 23. Nh2 h5 24. Rd3 e4 25. Rdd1 Bc5 26. Nf1 g6 27. Ne3 Rad8 28. Rab1 Qg5 29.
Qe2 f5 30. Nc2 f4 31. Nd4 Bxd4 32. Rxd4 f3 33. Qf1 e3 34. h4 Qf5 35. fxe3 Rxe3 36.
Rdd1 Qg4 37. Qf2 Rde8 38. Rd2 d5 39. cxd5 0-1

[Event "2024 British Rapidplay Championship"]
[Site "Holiday Inn Peterborough - West"]
[Date "2024.03.03"]
[Round "10.86"]
[White "Ebbutt, Samuel"]
[Black "Cepoi, Gesneria-Codruta"]
[Result "1-0"]
[WhiteFideId "343421644"]
[BlackFideId "1285297"]
[WhiteElo "1521"]
[BlackElo "1655"]
[EventDate "2024.03.02"]

1. d4 Nf6 2. Nf3 d5 3. Bg5 e6 4. e3 Be7 5. c4 c5 6. Nc3 cxd4 7. Nxd4 e5 8. Nf3 e4
9. Nd4 Be6 10. Qb3 dxc4 11. Qxb7 Bd5 12. Nxd5 Qxd5 13. Qb5+ Nbd7 14. Bxf6 Qxb5 15.
Nxb5 Rb8 16. Bxe7 Kxe7 17. Nd4 Rhc8 18. g3 Rxb2 19. Bh3 c3 20. O-O Rc7 21. Bxd7 Kxd7
22. Rfc1 g6 23. Nc2 f6 24. Kf1 Ke6 25. a4 a5 26. Ra3 Rc4 27. Nd4+ Kd5 28. Rcxc3 Rxc3
29. Rxc3 Rb1+ 30. Kg2 Ra1 31. Nb5 Rxa4 32. Rc7 h5 33. Nc3+ 1-0

[Event "2024 British Rapidplay Championship"]
[Site "Holiday Inn Peterborough - West"]
[Date "2024.03.03"]
[Round "10.87"]
[White "Suganya, Yugan"]
[Black "Hristov, Georgi"]
[Result "0-1"]
[WhiteFideId "343442676"]
[BlackFideId "5901766"]
[WhiteElo "1400"]
[BlackElo "1654"]
[EventDate "2024.03.02"]

1. e4 c5 2. c3 Nc6 3. d4 cxd4 4. cxd4 e5 5. d5 Nd4 6. f4 Bb4+ 7. Nc3 d6 8. a3 Bc5
9. b4 Bb6 10. a4 a6 11. a5 Ba7 12. Be3 Nf6 13. Nf3 Bg4 14. fxe5 dxe5 15. Bxd4 Bxd4
16. Qd3 Bxf3 17. gxf3 Nh5 18. Kd2 Qg5+ 19. Kc2 Nf4 20. Qd2 Rc8 21. Ra3 O-O 22. Kb1
Rc7 23. Bd3 Rfc8 24. Ne2 Qg2 25. Qd1 Qxf3 0-1

[Event "2024 British Rapidplay Championship"]
[Site "Holiday Inn Peterborough - West"]
[Date "2024.03.03"]
[Round "10.88"]
[White "Bellano, Harry"]
[Black "Yu, Robin"]
[Result "1/2-1/2"]
[WhiteFideId "343430015"]
[BlackFideId "343401333"]
[WhiteElo "1632"]
[BlackElo "1554"]
[EventDate "2024.03.02"]

1. e4 e6 2. d4 d5 3. e5 c5 4. c3 Nc6 5. Nf3 Qb6 6. Bd3 Bd7 7. Bc2 cxd4 8. cxd4 Nb4
9. O-O Nxc2 10. Qxc2 Rc8 11. Nc3 Ne7 12. Qb3 Qxb3 13. axb3 a6 14. Na4 Bb5 15. Re1
Nf5 16. g4 Nh6 17. Bxh6 gxh6 18. Rac1 Rxc1 19. Rxc1 Kd7 20. Nc3 Bd3 21. Ne1 Bg6 22.
h4 h5 23. g5 h6 24. f4 hxg5 25. fxg5 Be7 26. Nc2 Bxc2 27. Rxc2 Rg8 28. Rf2 Ke8 29.
Na4 Rg7 30. Kh2 Bb4 31. Kh3 Kd7 32. Rc2 Rg8 33. Nb6+ Ke7 34. Rc7+ Kf8 35. Rxb7 Bd2
36. Nd7+ Kg7 37. Nf6 Rh8 38. Nd7 a5 39. Nc5 Be3 40. Nxe6+ Kg6 41. Nc7 Bxd4 42. Nxd5
Bxe5 43. Ne7+ Kh7 44. Nd5 Kg7 45. Rb5 Bxb2 46. Rxa5 Rd8 47. Kg3 Rc8 48. Ra4 Rc1 49.
Kf4 Rf1+ 50. Ke4 Re1+ 51. Kd3 Rd1+ 52. Kc2 Rxd5 53. Kxb2 Rd6 54. Kc3 f6 55. Ra5 Kg6
56. gxf6 Rxf6 57. Rg5+ Kh6 58. Rc5 Rf3+ 59. Kb4 Kg6 60. Rg5+ Kh6 61. Rc5 Rg3 62.
Kb5 Rxb3+ 63. Kc4 Rg3 64. Rc6+ Kg7 65. Kd4 Rg4+ 66. Ke3 Rxh4 67. Kf3 Rg4 68. Ra6
Rg1 69. Kf2 Rg5 70. Kf3 Kh7 71. Kf4 Rg1 72. Kf5 h4 73. Ra4 Rh1 74. Kg4 Kg6 75. Ra6+
Kf7 76. Ra3 Kf6 77. Rf3+ Ke5 78. Rh3 Rxh3 79. Kxh3 1/2-1/2

[Event "2024 British Rapidplay Championship"]
[Site "Holiday Inn Peterborough - West"]
[Date "2024.03.03"]
[Round "10.89"]
[White "Chedd, Neil"]
[Black "Ferris, Oliver"]
[Result "1/2-1/2"]
[WhiteFideId "343422853"]
[BlackFideId "343400850"]
[WhiteElo "1603"]
[BlackElo "1546"]
[EventDate "2024.03.02"]

1. d4 d5 2. e3 Nf6 3. Bd3 Bd7 4. Nf3 c5 5. c3 Nc6 6. O-O e6 7. Ne5 Bd6 8. f4 O-O
9. Nd2 c4 10. Bc2 Be8 11. Ndf3 Nd7 12. Ng5 Nf6 13. Qe1 h6 14. Ngf3 Nd7 15. Qg3 Ne7
16. Bd2 f5 17. b3 b5 18. bxc4 bxc4 19. Rab1 Nxe5 20. dxe5 Bc7 21. Nd4 Bd7 22. Rb2
Nc6 23. Rfb1 Bb6 24. Qg6 Nxd4 25. exd4 Qe8 26. Qg3 Rb8 27. Qf3 Qe7 28. h3 Be8 29.
Kh2 Bf7 30. Rb4 Qc7 31. Bc1 Ba5 32. Rb5 Rxb5 33. Rxb5 Bb6 34. Ba3 Rd8 35. Bd6 Qc8
36. a4 Be8 37. Rb4 Ba5 38. Rb8 Qd7 39. Rxd8 Bxd8 40. g4 fxg4 41. Qxg4 Be7 42. Bxe7
Qxe7 43. f5 exf5 44. Qxf5 g6 45. Qf4 Kg7 46. Qg4 Qd7 47. Qf4 Qf7 48. Qxf7+ Bxf7 49.
Kg3 a5 50. h4 Be6 51. Kf4 Kf7 52. Bd1 Kg7 53. Bg4 Kf7 54. Bf3 Kg7 55. Bg4 Kf7 56.
Bxe6+ Kxe6 57. Kg4 Kf7 58. Kf4 Ke6 59. Kg4 Kf7 60. h5 Kg7 61. hxg6 Kxg6 62. Kh4 h5
63. Kg3 Kg5 64. Kh3 1/2-1/2

[Event "2024 British Rapidplay Championship"]
[Site "Holiday Inn Peterborough - West"]
[Date "2024.03.03"]
[Round "10.90"]
[White "Brown, Chris"]
[Black "Dupuis, Daniel"]
[Result "0-1"]
[WhiteFideId "343412343"]
[BlackFideId "343410529"]
[WhiteElo "1623"]
[BlackElo "1542"]
[EventDate "2024.03.02"]

1. e4 c6 2. Nf3 d5 3. Nc3 d4 4. Ne2 c5 5. Ng3 Nc6 6. Bb5 Bd7 7. Bxc6 Bxc6 8. d3 e6
9. O-O Bd6 10. Bg5 f6 11. Bd2 Bxg3 12. fxg3 e5 13. g4 h6 14. Qe1 Ne7 15. Qf2 Qd7
16. Nh4 Qxg4 17. Nf5 Nxf5 18. Qxf5 Qxf5 19. Rxf5 b5 20. Ba5 c4 21. Rc1 a6 22. h3
O-O 23. Rcf1 Bd7 24. R5f2 Kh7 25. g4 Rac8 26. Bb4 Rf7 27. Ba5 h5 28. Rg2 Kh6 29.
g5+ Kg6 30. gxf6+ Kh7 31. Kh2 gxf6 32. Rfg1 Rcf8 33. Bb4 Re8 34. Ba5 Ree7 35. Bb4
Re8 36. h4 Bg4 37. Rg3 f5 38. exf5 Rxf5 39. Kh1 Rf2 40. R1g2 Bf3 41. Rg7+ Kh8 42.
R7g3 Bxg2+ 43. Rxg2 Rxg2 44. Kxg2 cxd3 45. cxd3 e4 46. dxe4 Rxe4 47. Kf3 Rxh4 48.
Bd6 Kh7 49. Be7 Rh2 50. Ba3 d3 0-1

[Event "2024 British Rapidplay Championship"]
[Site "Holiday Inn Peterborough - West"]
[Date "2024.03.03"]
[Round "10.91"]
[White "Broomfield, Daniel"]
[Black "Rogowski, Rafal"]
[Result "0-1"]
[WhiteFideId "343110840"]
[BlackFideId "343415970"]
[WhiteElo "1519"]
[BlackElo "1591"]
[EventDate "2024.03.02"]

1. e4 d6 2. d4 c6 3. Nf3 Nd7 4. Bd3 h6 5. O-O g5 6. h3 Bg7 7. Re1 e5 8. dxe5 Nxe5
9. Nxe5 Bxe5 10. Nd2 Be6 11. Nc4 Bxc4 12. Bxc4 Qf6 13. c3 Ne7 14. Re3 Ng6 15. Rf3
Nf4 16. Bxf4 gxf4 17. Qb3 b5 18. Bf1 Rg8 19. Rb1 Qg6 20. c4 a6 21. cxb5 axb5 22.
Rc1 Qxe4 23. Bxb5 cxb5 24. Qxb5+ Kf8 25. Kh1 Rxa2 26. Rc8+ Kg7 27. Rxg8+ Kxg8 28.
Qe8+ Kg7 29. Qd7 Rxb2 30. Qg4+ Kh7 31. Qd7 Qg6 32. Kh2 h5 0-1